00490 a2200169 450000100060000002000180000604000220002410000250004624000260007124500210009730000070011836200090012565000350013494200070016995201270017699900170030359997 a9783192016721 cAnchieta - Pituba aWilhelmi, Friederike10aLea? Nein danke!lpor10aLea? Nein danke! a470 a2009 4aLiteratura juvenil em alemàƒo cBK 00104070a91.1bCPLd2023-11-21l2oLJ 028.543 W678l WIL LEAp11502/PITr2023-11-21 18:49:57s2023-11-21w2023-11-21yBK c59997d59997